Normal view MARC view
  • Bukhari

Entry Personal Name

Number of records used in: 1

001 - CONTROL NUMBER

  • control field: 87719

003 - CONTROL NUMBER IDENTIFIER

  • control field: NUST

005 - DATE AND TIME OF LATEST TRANSACTION

  • control field: 20220110153709.0

008 - FIXED-LENGTH DATA ELEMENTS

  • fixed length control field: 220110|| aca||aabn | a|a d

040 ## - CATALOGING SOURCE

  • Original cataloging agency: NUST
  • Transcribing agency: NUST

100 ## - HEADING--PERSONAL NAME

  • Personal name: Bukhari

670 ## - SOURCE DATA FOUND

  • Source citation: Work cat.: (NUST)31551: Bukhari, Islamic Education: BA., BSc, BCom, BBA, MBA, Engineering, MBBS, PCS, CSS /
© 2023 Central Library, National University of Sciences and Technology. All Rights Reserved.